Stuttgart City Trivia - Statistics

General Stats
  • This quiz has been taken 5 times
  • The average score is 7 of 15
Answer Stats
Hint Answer % Correct
Car company whose headquarter is in Stuttgart Mercedes Benz
100%
Car company whose headquarter is in Stuttgart Porsche
80%
Railway project that is more than 20 years late Stuttgart {21}
80%
City's main football Club Vfb Stuttgart
80%
Forest at the limit of Stuttgart Black Forest
60%
Astronomer who was born near Stuttgart Johannes Kepler
60%
River that flows through Stuttgart Neckar
60%
Dialect of the region Swabian
60%
First TV Tower in the world, literraly means TV Tower Fernsehturm
40%
Event equivalent to the Oktober Fest that happens twice per year Auf dem Wasen
20%
Stuttgart is the capital of this land Baden Wurtemberg
20%
Famous Palace near Stuttgart Solitude Palace
20%
First Castle of Stuttgart Down Town Altes Schloss
0%
Church surrounded by water near the city center Johanneskirche
0%
Famous Palace near Stuttgart Ludwigsburg Palace
0%
No matching quizzes found
Score Distribution
Percent of People with Each Score
Percentile by Number Answered
Your Score History
You have not taken this quiz